| 000 | 00890nam a2200277 i 4500 | ||
|---|---|---|---|
| 003 | DO-SdBNP | ||
| 005 | 20240530073928.0 | ||
| 007 | ta | ||
| 008 | 230918b2019 dr ||||| |||| 00| 0 spa d | ||
| 020 | _a9786070757914 | ||
| 040 |
_aDO-SdBNP _bspa _cBNPHU _erda |
||
| 082 | 4 |
_aRD863.5 _bP192m _222 |
|
| 100 |
_aPaniagua Pérez, Jesús, _968860 _eautor _d1990- |
||
| 245 | 1 | 0 |
_aMemorias de una mula / _cJesús Paniagua |
| 264 |
_aSanto Domingo : _bPlaneta, _c2019. |
||
| 300 |
_a222 páginas ; _c23 cm. |
||
| 336 |
_2rdacontent _atexto _btxt |
||
| 337 |
_2rdamedia _asin mediación _bn |
||
| 338 |
_2rdacarrier _avolumen _bnc |
||
| 500 | _aIncluye datos biográficos del autor en la solapa de la cubierta | ||
| 590 | _aInventariado, 2023/BT | ||
| 650 | 0 |
_aNovela dominicana _9223 |
|
| 650 | 4 | _aLiteratura dominicana | |
| 910 | _aBtavárez/Validado. Control de calidad MFF | ||
| 942 |
_2ddc _cLBS1 |
||
| 999 |
_c54798 _d54798 |
||